Statistics for Song Lyrics: Rammstein - Halleluja

Click here to take the quiz!

General Stats

  • This quiz has been taken 69 times
  • The average score is 103 of 169

Answer Stats

Text% Correct
Halleluja,
89%
Halleluja.
89%
Er
86%
er
86%
Der
81%
der
81%
die
81%
ist,
78%
ist
78%
und
73%
Wenn
73%
ein
70%
an
68%
das
65%
Herrn.
65%
Herrn,
65%
sein.
65%
sie
65%
so
65%
So
65%
um.
65%
um,
65%
zweimal
65%
Bild
62%
des
62%
es
62%
Gebet,
62%
Hände
62%
zum
62%
aus
59%
Chor,
59%
Christ,
59%
gern'
59%
gern.
59%
Turmuhr
59%
von
59%
Bibel,
57%
dem
57%
dich
57%
junge
57%
Nächsten
57%
nächsten
57%
schlägt,
57%
sehr
57%
sensibel,
57%
wahre
57%
Dreh'
54%
dreh'
54%
fromm
54%
langsam
54%
lieben,
54%
liebt
54%
muss
54%
seiner
54%
Wand
54%
am
51%
Knaben
51%
doch
49%
Flecken
49%
seinen
49%
was
49%
Abendmahl
46%
den
46%
dreht
46%
faltet
46%
geblieben,
46%
ihm
46%
Mann
46%
rein,
46%
Tenor,
46%
wischt
46%
Auf
43%
bei
43%
bleiben,
43%
halten
43%
ihre
43%
Kerzenschein.
43%
verteilt
43%
weiß,
43%
macht
41%
Nächstenliebe
41%
ohne
41%
Seelen
41%
Sorge
41%
Weib
41%
darf
38%
Musik
38%
ins
35%
seinem
35%
still
35%
stumm,
35%
überm
35%
Bein.
32%
Jungen
32%
nimmt
32%
auszutreiben,
30%
Nachttisch,
30%
nistet
30%
Sünde
30%
hilft
24%

Score Distribution

Percentile by Number Answered

Percent of People with Each Score

Your Score History

You have not taken this quiz